| 000 | 00565nam a22001577a 4500 | ||
|---|---|---|---|
| 003 | NUST | ||
| 082 | _a621 | ||
| 100 |
_a Mehmood , Yasir _9122299 |
||
| 245 |
_aAdaptive Super Twisting Sliding Mode Formation Control of Multiple Quad-rotors with Wind Disturbances / _cYasir Mehmood |
||
| 264 |
_aIslamabad: _bSMME- NUST. _c2021. |
||
| 300 |
_a52p. ; _bSoft Copy, _c30cm. |
||
| 650 |
_aMS Mechanical Engineering _9119495 |
||
| 700 |
_aSupervisor : Dr. Jawad Aslam _9119500 |
||
| 856 | _uhttp://10.250.8.41:8080/xmlui/handle/123456789/23805 | ||
| 942 |
_2ddc _cTHE |
||
| 999 |
_c608801 _d608801 |
||